| 000 | 00903nam a2200229Ii 4500 | ||
|---|---|---|---|
| 003 | JO-AjNU | ||
| 008 | 230605s9999||||xx |||||||||||||| ||und|| | ||
| 017 | _a1998/1775 | ||
| 020 | _a9960-34-338-3 | ||
| 040 |
_aJO-AjNU _bara _erda _cJO-AjNU |
||
| 041 | _aara | ||
| 050 | 1 | 4 | _aBP155 1998 |
| 100 | 3 |
_aتاليف المقدسي، مرعي بن يوسف؛ تحقيق محمود حسن أبو ناجي الشيباني, _eauthor _943501 |
|
| 245 | 0 | 0 | _aكتاب دليل الطالب لنيل المطالب على مذهب إمام الأمة وناصر السنة ابي عبدالله أحمد بن حنبل الشيباني |
| 264 | 3 | 1 | _aالرياض: د.ن، 1998 |
| 300 | _a212ص | ||
| 336 |
_atext _btxt _2rdacontent |
||
| 337 |
_aunmediated _bn _2rdamedia |
||
| 338 |
_avolume _bnc _2rdacarrier |
||
| 490 | 0 | _aمن تراثنا الخالد 13 | |
| 650 | 4 |
_aالفقة الحنبلي _943502 |
|
| 999 |
_aA18706 _c22274 _d22274 |
||